| 000 | 01691 a2200217 4500 | ||
|---|---|---|---|
| 001 | 33574 | ||
| 005 | 20260407155627.0 | ||
| 008 | 260407a1973 arg spa d | ||
| 003 | AR-UNSa-BCEJYS | ||
| 040 |
_aAR-UNSa-BCEJYS _bspa _cAR-UNSa-BCEJYS |
||
| 080 |
_a658.312.5 _xEvaluación de desempeño |
||
| 245 | 1 | 0 | _aEvaluación de tareas y administración de remuneraciones |
| 250 | _a2a. ed. | ||
| 264 | 1 |
_aBuenos Aires : _bEdiciones Contabilidad Moderna _c1973 |
|
| 300 |
_a397 p. _c23 cm. |
||
| 505 | _aPrimera Parte: Evaluación de tareas. 1. La administración de personal - 2. La empresa y las remuneraciones - 3. Evaluación de tareas - 4. Procesos generales - 5. Sistema de jerarquización - 6. Sistema de clasificación - 7. Sistema de comparación por factores - 8. Sistema de clasificación por puntos - 9. Análisis y ponderación del manual - 10. Descripción, valoración y escala en el sistema de puntos - 11. Otros sistemas de evaluación - 12. Evaluación de puestos gerenciales - 13. La evaluación de tareas y los sindicatos -- Segunda Parte: Administración de remuneraciones. 1. Historia de la remuneración - 2. Teorias y conceptos de la remuneración - 3. Métodos para la fijación de la remuneración - 4. Criterios y elementos de la renumeración - 5. La remuneración a nivel nacional - 6. Remuneración por rendimiento - 7. Remuneración por rendimiento - 8. La participación del personal en los resultados - 9. Sistema de estructura de remuneraciones - 10. Administración de remuneraciones - 11. Beneficios - 12. Los sindicatos y la remuneración | ||
| 041 | _aspa | ||
| 942 | _cBK | ||
| 590 | _aniveau_biblio:m niveau_hierar:0 | ||
| 100 | 1 | _aMaristany, Jaime | |
| 999 |
_c2370 _d2370 |
||